| 000 | 00673nam a2200217 a 4500 | ||
|---|---|---|---|
| 001 | 000003648 | ||
| 005 | 20200929150521.0 | ||
| 008 | 950123s1997 sp 000 0 spa | ||
| 020 | _a8408022377 | ||
| 040 |
_aDO-SdBNP _bspa _cBNPHU |
||
| 082 |
_a813.54 _bG869L |
||
| 100 | 1 |
_aGrisham, John. _d1955- _910906 |
|
| 240 | 1 | 4 |
_aThe rainmaker. _lEspañol |
| 245 | 1 | 4 |
_aLegítima defensa / _cJohn Grisham; traducción, Enric Trempc. |
| 260 |
_aEspaña : _bPlaneta, _c1997. |
||
| 300 |
_a490 p. ; _c18 cm. |
||
| 534 |
_aTítulo original: _tThe rainmaker. |
||
| 650 | 4 |
_aNovela estadounidense _9262 |
|
| 650 | 4 |
_aLiteratura estadounidense _9263 |
|
| 700 | 1 |
_aTrempc, Enric _etr. _911188 |
|
| 999 |
_c3471 _d3471 |
||